| 000 | 01450nam a2200373Ia 4500 | ||
|---|---|---|---|
| 001 | ebr10273929 | ||
| 003 | CaPaEBR | ||
| 006 | m u | ||
| 007 | cr cn||||||||| | ||
| 008 | 080701s2009 maua sb 001 0 eng d | ||
| 010 | _z 2008029410 | ||
| 020 | _z026201257X (hardcover : alk. paper) | ||
| 020 | _z9780262012577 (hardcover : alk. paper) | ||
| 040 |
_aCaPaEBR _cCaPaEBR |
||
| 035 | _a(OCoLC)312933472 | ||
| 050 | 1 | 4 |
_aTK6681 _b.M65 2009eb |
| 100 | 1 | _aMontfort, Nick. | |
| 240 | 1 | 0 | _aShelf Ready |
| 245 | 1 | 0 |
_aRacing the beam _h[electronic resource] : _bthe Atari Video computer system / _cNick Montfort and Ian Bogost. |
| 260 |
_aCambridge, Mass. : _bMIT Press, _cc2009. |
||
| 300 |
_axii, 180 p. : _bill. |
||
| 490 | 1 | _aPlatform studies | |
| 504 | _aIncludes bibliographical references and index. | ||
| 533 |
_aElectronic reproduction. _bPalo Alto, Calif. : _cebrary, _d2011. _nAvailable via World Wide Web. _nAccess may be limited to ebrary affiliated libraries. |
||
| 650 | 0 | _aAtari 2600 (Video game console) | |
| 650 | 0 |
_aComputer games _xProgramming. |
|
| 650 | 0 |
_aVideo games _xEquipment and supplies. |
|
| 650 | 0 |
_aVideo games _zUnited States _xHistory. |
|
| 655 | 7 |
_aElectronic books. _2local |
|
| 700 | 1 | _aBogost, Ian. | |
| 710 | 2 | _aebrary, Inc. | |
| 830 | 0 | _aPlatform studies. | |
| 856 | 4 | 0 |
_uhttp://site.ebrary.com/lib/rucke/Doc?id=10273929 _zAn electronic book accessible through the World Wide Web; click to view |
| 999 |
_c5891 _d5891 |
||